電化・非電化の境界駅 - Statistics

General Stats
  • This quiz has been taken 874 times
  • The average score is 17 of 34
Answer Stats
駅名 都道府県 % Correct
小樽 北海道
73%
亀山 三重県
71%
高麗川 埼玉県
69%
東室蘭 北海道
67%
和倉温泉 石川県
65%
城崎温泉 兵庫県
65%
新函館北斗 北海道
64%
喜多方 福島県
62%
新宮 和歌山県
62%
南小谷 長野県
61%
伯耆大山 鳥取県
61%
西出雲 島根県
61%
琴平 香川県
59%
加茂 京都府
53%
寺前 兵庫県
52%
伊予市 愛媛県
51%
沼ノ端 北海道
50%
唐津 佐賀県
50%
中小国 青森県
49%
府中 広島県
45%
鹿島サッカースタジアム 茨城県
44%
田吉 宮崎県
44%
肥後大津 熊本県
43%
天橋立 京都府
42%
宮津 京都府
41%
桂川 福岡県
38%
肥前浜 佐賀県
38%
ハウステンボス 長崎県
38%
折尾 福岡県
37%
北旭川 北海道
35%
会津田島 福島県
35%
後藤 鳥取県
34%
アプトいちしろ 静岡県
25%
長島ダム 静岡県
19%
No matching quizzes found
Score Distribution
Percent of People with Each Score
Percentile by Number Answered
Your Score History
You have not taken this quiz